LEADER 01529nam a2200301 i 4500 001 000000040830 003 CaOOAMICUS 005 20260107154234.0 008 110216s1994 it u000 u lat u 020 $a88-859-1890-5 040 $aSeMil$bita 240 10$aMissale Romanum.$0(OLS)http://semarc/title/284444 245 10$aMissale Romanum :$banno 1962 promulgatum /$creimpressio, introductione aucta curantibus Cuthbert Johnson, Anthony Ward. 264 1$aRoma :$bCLV Edizioni Liturgiche,$c1994. 300 $aLXXIX, 727, 282 p. :$bill., notazione musicale ;$c20 cm. 490 1 $aBibliotheca Ephemerides Liturgicae. Subsidia. Instrumenta Liturgica Quarreriensia. Supplementa ;$v2 500 $aFacsimile dell'ed. typica. 650 4$aLibri liturgici - Messale romano.$0(OLS)http://semarc/subject/3820 700 1 $aJohnson, Cuthbert,$c.$0(OLS)http://semarc/name/89113 700 1 $aWard, Anthony,$c.$0(OLS)http://semarc/name/89112 830 0$aBibliotheca Ephemerides Liturgicae. Subsidia. Instrumenta Liturgica Quarreriensia. Supplementa ;$v2.$0(OLS)http://semarc/title/493 850 $aSeMil 852 $aSeMil$W1$xVenegono$y1$m3KK III 22/2$j265909$B6985$CSeMilBibl$Z2$F6985 $81 961 $aAcquisto: Casa editrice 996 $6020$a88-859-1890-5$9(OLS)http://semarc/number/11269 996 $6245$aMissale Romanum :$banno 1962 promulgatum$9(OLS)http://semarc/title/58837 996 $6264$aRoma :$bCLV Edizioni Liturgiche$9(OLS)http://semarc/publisher/29627 LEADER 01406nam a2200301 i 4500 001 000000195610 003 CaOOAMICUS 005 20101221000000.0 008 101221s2010 it u000 u ita u 013 $a174288 020 $a978-88-01-04671-7 040 $aSeMil$bita 100 1 $aDi Natale, Francesco.$0(OLS)http://semarc/name/65062 245 10$aGuidasti come un gregge il tuo popolo (Sal. 77,21) :$belementi di teologia pastorale in prospettiva storica /$cFrancesco Di Natale. 260 $aLeumann (TO) :$bElledici,$c2010. 260 $aMessina :$bItst,$c2010. 300 $a438 p. ;$c24 cm. 490 0 $aManuali di Panteno. Catechetica ;$v4 500 $aContiene : Bibliografia (pp. 377-419). 650 4$aTeologia pastorale.$0(OLS)http://semarc/subject/721 830 0$aManuali di Panteno. Catechetica ;$v4.$0(OLS)http://semarc/title/22291 850 $aSeMil 852 $aSeMil$W1$xVenegono$y1$m2B V 33$j146179$B146179$CSeMilBibl$Z2$F157752 $81 961 $aOmaggio per recensione: Scuola Cattolica 996 $6020$a978-88-01-04671-7$9(OLS)http://semarc/number/187360 996 $6245$aGuidasti come un gregge il tuo popolo (Sal. 77,21) :$belementi di teologia pastorale in prospettiva storica$9(OLS)http://semarc/title/282277 996 $6260$aMessina :$bItst$9(OLS)http://semarc/publisher/33480 996 $6260$aLeumann (TO) :$bElledici$9(OLS)http://semarc/publisher/29715